Loading...
| History - American | 0 | 6 | 0 | 1 | 60 | 70 | 89.83 | 0 | 0 | 11.34 | 13.43 |
| Literature - British | 0 | 2 | 0 | 0 | 20 | 65 | 80.50 | 0 | 0 | 6.37 | 7.83 |
| Fine Arts - Other | 0 | 2 | 0 | 1 | 20 | 16 | 67.00 | 1 | 1 | 7.81 | 8.84 |
| Literature - American | 0 | 2 | 0 | 0 | 20 | 66 | 92.00 | 0 | 1 | 3.73 | 6.06 |
| Literature - European | 0 | 1 | 0 | 0 | 10 | 80 | 80.00 | 0 | 0 | 2.65 | 6.06 |
| Mythology | 0 | 1 | 0 | 1 | 10 | 121 | 121.00 | 0 | 0 | 0.00 | 1.01 |
| Philosophy | 0 | 1 | 0 | 1 | 10 | 106 | 106.00 | 0 | 0 | 0.00 | 1.04 |
| Popular Culture | 0 | 1 | 0 | 0 | 10 | 92 | 92.00 | 0 | 0 | 4.00 | 6.67 |
| Religion | 0 | 1 | 0 | 1 | 10 | 114 | 114.00 | 0 | 0 | 0.00 | 0.76 |
| Science - Biology | 0 | 1 | 0 | 1 | 10 | 110 | 110.00 | 0 | 0 | 0.00 | 2.27 |
| Science - Chemistry | 0 | 1 | 0 | 0 | 10 | 100 | 100.00 | 0 | 0 | 0.00 | 0.91 |
| Current Events | 0 | 1 | 0 | 0 | 10 | 90 | 90.00 | 0 | 0 | 3.33 | 2.22 |
| Fine Arts - Classical Music | 0 | 1 | 0 | 1 | 10 | 126 | 126.00 | 0 | 0 | 0.14 | 0.91 |
| History - European | 0 | 1 | 0 | 0 | 10 | 81 | 81.00 | 0 | 0 | 2.14 | 2.02 |
| History - Other | 0 | 1 | 0 | 0 | 10 | 93 | 93.00 | 0 | 0 | 1.74 | 5.05 |
| Science - Other | 0 | 0 | 0 | 0 | 0 | 0.00 | 0 | 0 | 0.00 | 0.00 | |
| Social Science | 0 | 0 | 0 | 0 | 0 | 0.00 | 0 | 0 | 0.00 | 0.00 |